000 00617nam a22002051 4500
001 bimo0000922357
003 OSt
005 20150117213002.0
008 900725s1972 sp spa
040 _aSpMaBN
_cBMC
082 _a891.3
100 _9122
_aGogol, Nicolás
_d1809-1852
245 1 3 _aEl capote y otros cuentos
_cNicolás Gogol ; [traducción del ruso por Félix Díez Mateo y Víctor Andresco]
260 0 _aMadrid
_bEspasa-Calpe
_c1972
300 _a138 p.
_c18 cm
490 0 _aAustral
_v1469
700 _aDíez Mateo, Félix
_9236
700 _9648
_aAndresco, Víctor
_d1919-1983
942 _2ddc
_cBK
999 _c548
_d548